[Event "SCCA Championship 2007-8"]
[Site "?"]
[Date "2007.??.??"]
[Round "?"]
[White "Beecham, C Richard"]
[Black "Goodwin, Brian J"]
[Result "1-0"]
[WhiteElo "2495"]
[BlackElo "2181"]
[PlyCount "31"]
[EventDate "2007.??.??"]

1. e4 e5 2. Nf3 Nc6 3. Bc4 Nf6 4. Ng5 Bc5 5. Nxf7 Bxf2+ 6. Kf1 Qe7 7. Nxh8 d5
8. exd5 Nd4 9. d6 cxd6 10. Kxf2 Bg4 11. Qf1 Nxc2 12. h3 Bd7 13. d4 Nxa1 14.
dxe5 Ne4+ 15. Kg1 d5 16. Bd3 1-0

[Event "SCCA Championship 2007-8"]
[Site "?"]
[Date "2007.??.??"]
[Round "?"]
[White "Reeman, Ian F"]
[Black "Lloyd, Geoffrey"]
[Result "1-0"]
[WhiteElo "2271"]
[BlackElo "2258"]
[PlyCount "84"]
[EventDate "2007.??.??"]

1. e4 b6 2. d4 Bb7 3. Nc3 e6 4. Bd3 Bb4 5. Nge2 c5 6. O-O Nc6 7. d5 Ne5 8. Bf4
Nxd3 9. Qxd3 Nf6 10. Bg5 h6 11. Bh4 g5 12. Bg3 O-O 13. a3 Bxc3 14. Nxc3 Re8 15.
f4 Nh5 16. Qf3 Nxg3 17. Qxg3 exd5 18. exd5 Qf6 19. fxg5 Qxg5 20. Qxg5+ hxg5 21.
Rf5 f6 22. Rxf6 Re5 23. Rd6 Rd8 24. Rf1 Ba6 25. Rf3 Re1+ 26. Kf2 Re5 27. g4 Re7
28. Rg6+ Rg7 29. Rxg7+ Kxg7 30. Rf5 Kh6 31. Ne4 Re8 32. Nxg5 Re2+ 33. Kg3 Rxc2
34. h4 Rxb2 35. Rf6+ Kg7 36. Rf7+ Kg8 37. h5 Rb3+ 38. Kf4 Rb1 39. Rxd7 Rf1+ 40.
Ke5 Re1+ 41. Kd6 Rf1 42. Rd8+ Rf8 1-0

[Event "SCCA Championship 2007-8"]
[Site "?"]
[Date "2007.??.??"]
[Round "?"]
[White "Lloyd, Geoffrey"]
[Black "Mackintosh, Iain"]
[Result "0-1"]
[WhiteElo "2258"]
[BlackElo "2450"]
[PlyCount "60"]
[EventDate "2007.??.??"]

1. Nc3 c5 2. Nf3 Nc6 3. d4 cxd4 4. Nxd4 Nf6 5. Bg5 d5 6. Bxf6 gxf6 7. e4 dxe4
8. Nxc6 bxc6 9. Qxd8+ Kxd8 10. Nxe4 Rg8 11. g3 Kc7 12. f4 Be6 13. Kf2 Rd8 14.
Bd3 Bd5 15. f5 h5 16. Rae1 h4 17. b3 a5 18. gxh4 Rg4 19. c4 Bxe4 20. Rxe4 Rxe4
21. Bxe4 Rd2+ 22. Kg3 Rxa2 23. Rf1 Re2 24. h5 Rxe4 25. Rf4 Rxf4 26. Kxf4 Bh6+
27. Ke4 Kd6 28. Kd4 e5+ 29. fxe6 c5+ 30. Kd3 fxe6 0-1

[Event "SCCA Championship 2007-8"]
[Site "?"]
[Date "2007.??.??"]
[Round "?"]
[White "Brown, Alan C"]
[Black "Lloyd, Geoffrey"]
[Result "1-0"]
[WhiteElo "2370"]
[BlackElo "2258"]
[PlyCount "88"]
[EventDate "2007.??.??"]

1. c4 b6 2. Nf3 Bb7 3. g3 e6 4. Bg2 Ne7 5. d4 g6 6. O-O Bg7 7. Nc3 O-O 8. d5
Na6 9. e4 Nc5 10. Re1 exd5 11. exd5 Nf5 12. Bg5 Bf6 13. b4 Bxg5 14. Nxg5 Na6
15. Nge4 Nxb4 16. Qd2 f6 17. Nb5 Na6 18. Re2 d6 19. Rae1 Nc5 20. Nxc5 bxc5 21.
g4 Ng7 22. Qh6 Re8 23. Rxe8+ Nxe8 24. h4 Qd7 25. Re6 Qf7 26. Qe3 Kf8 27. h5
gxh5 28. Qh6+ Kg8 29. Be4 a6 30. Nc3 hxg4 31. Bf5 Qg7 32. Qh5 Kf8 33. Ne2 g3
34. Re3 gxf2+ 35. Kxf2 Qf7 36. Qh6+ Qg7 37. Qh3 Bc8 38. Bxc8 h5 39. Nf4 Qh6 40.
Kf3 Ng7 41. Qd7 Kg8 42. Re7 Qg5 43. Rxg7+ Qxg7 44. Qe8+ Qf8 1-0

[Event "SCCA Championship 2007-8"]
[Site "?"]
[Date "2007.??.??"]
[Round "?"]
[White "Reeman, Ian F"]
[Black "Beecham, C Richard"]
[Result "1/2-1/2"]
[WhiteElo "2271"]
[BlackElo "2495"]
[PlyCount "82"]
[EventDate "2007.??.??"]

1. e4 c5 2. c3 e6 3. d4 d5 4. exd5 exd5 5. Nf3 Nf6 6. Bb5+ Nc6 7. O-O Be7 8.
dxc5 Bxc5 9. Bg5 Be6 10. Nbd2 O-O 11. Nb3 Bb6 12. Bh4 h6 13. Nbd4 Nxd4 14. Nxd4
g5 15. Bg3 Ne4 16. Qd3 Qf6 17. Rae1 Bxd4 18. cxd4 Bf5 19. Qd1 Qb6 20. Ba4 Qxb2
21. Bb3 Rad8 22. Re3 Qd2 23. Qf3 Bg6 24. Rd1 Qa5 25. h4 Qb6 26. Bh2 Qc6 27.
Ree1 Rc8 28. Be5 Qe6 29. hxg5 hxg5 30. Re3 Rfd8 31. Rde1 a5 32. Qe2 a4 33. Bxa4
f6 34. Bh2 Qb6 35. Bb3 Qxd4 36. Rd1 Qb4 37. a3 Qb6 38. Bxd5+ Rxd5 39. Rxd5 Nc3
40. Rxc3 Rxc3 41. Bd6 Qb1+ 1/2-1/2

[Event "SCCA Championship 2007-8"]
[Site "?"]
[Date "2007.??.??"]
[Round "?"]
[White "Dawson, Alastair G"]
[Black "Brown, Alan C"]
[Result "1/2-1/2"]
[WhiteElo "2230"]
[BlackElo "2370"]
[PlyCount "37"]
[EventDate "2007.??.??"]

1. e4 c6 2. d4 d5 3. exd5 cxd5 4. Bd3 Nc6 5. c3 Nf6 6. Bf4 Bg4 7. Qb3 Qd7 8.
Nd2 e6 9. Ngf3 a6 10. O-O Nh5 11. Be3 Bd6 12. h3 Bxf3 13. Nxf3 O-O 14. Qc2 h6
15. Qd2 Nf6 16. Bxh6 Ne4 17. Bxe4 dxe4 18. Bxg7 Kxg7 19. Qg5+ 1/2-1/2

[Event "SCCA Championship 2007-8"]
[Site "?"]
[Date "2007.??.??"]
[Round "?"]
[White "Mackintosh, Iain"]
[Black "Reeman, Ian F"]
[Result "1/2-1/2"]
[WhiteElo "2450"]
[BlackElo "2271"]
[PlyCount "98"]
[EventDate "2007.??.??"]

1. e4 c5 2. Nf3 d6 3. Bc4 Nf6 4. Qe2 Nc6 5. c3 Bg4 6. O-O e6 7. d3 Be7 8. h3
Bh5 9. Bb3 d5 10. Bg5 O-O 11. Nbd2 h6 12. Bh4 b5 13. exd5 exd5 14. Rfe1 Qd7 15.
d4 c4 16. Bc2 Rae8 17. Qf1 Bg6 18. Bxg6 fxg6 19. Bg3 Nh5 20. Ne5 Nxe5 21. Bxe5
Nf4 22. Bxf4 Rxf4 23. Re3 Bd6 24. Qe2 Ref8 25. Nf3 a5 26. Rf1 Kh7 27. Ne5 Qd8
28. g3 R4f5 29. Kg2 Qc8 30. h4 b4 31. f4 Bxe5 32. Rxe5 Qd7 33. Qd1 Rb8 34. Qc2
Kg8 35. Qe2 bxc3 36. bxc3 a4 37. Rf2 a3 38. Re7 Qc8 39. Qe3 Rf7 40. Re6 Rf6 41.
f5 gxf5 42. Rxf6 gxf6 43. Qxh6 Qe6 44. Qg6+ Kh8 45. Qxf5 Qxf5 46. Rxf5 Rb2+ 47.
Rf2 Kg7 48. g4 Rb3 49. Rf3 Rb2+ 1/2-1/2

[Event "SCCA Championship 2007-8"]
[Site "?"]
[Date "2007.??.??"]
[Round "?"]
[White "Brown, Alan C"]
[Black "Reeman, Ian F"]
[Result "1/2-1/2"]
[WhiteElo "2370"]
[BlackElo "2271"]
[PlyCount "84"]
[EventDate "2007.??.??"]

1. e4 c5 2. c3 Nf6 3. e5 Nd5 4. d4 cxd4 5. Bc4 Qc7 6. Qe2 Nb6 7. Bd3 d5 8. exd6
Qxd6 9. Nf3 Bg4 10. O-O Nc6 11. Rd1 O-O-O 12. h3 Bh5 13. Na3 e5 14. Nc2 Qe6 15.
cxd4 exd4 16. g4 Bg6 17. Qxe6+ fxe6 18. Ng5 Bxd3 19. Rxd3 e5 20. Nf7 Be7 21.
Rd1 Rhf8 22. Nxd8 Rxd8 23. f3 Rf8 24. Kg2 Nd5 25. Bd2 Kd7 26. Ne1 Bb4 27. Nd3
Bxd2 28. Rxd2 Ne3+ 29. Kg3 Kd6 30. Nf2 Nb4 31. Ne4+ Ke7 32. Rc1 Nbd5 33. Kf2 b6
34. Rd3 Kd7 35. Ra3 a5 36. Rb3 a4 37. Ra3 Nf4 38. Rxe3 dxe3+ 39. Kxe3 a3 40. b3
Nd5+ 41. Kf2 Nf4 42. Ke3 Nd5+ 1/2-1/2

[Event "SCCA Championship 2007-8"]
[Site "?"]
[Date "2007.??.??"]
[Round "?"]
[White "May, Mark Alan"]
[Black "Mackintosh, Iain"]
[Result "1/2-1/2"]
[WhiteElo "2239"]
[BlackElo "2450"]
[PlyCount "63"]
[EventDate "2007.??.??"]

1. c4 e6 2. Nc3 d5 3. d4 c6 4. e3 Nf6 5. Nf3 a6 6. Qc2 c5 7. a3 Nc6 8. dxc5
Bxc5 9. b4 Be7 10. Bb2 Bd7 11. cxd5 exd5 12. Bd3 Rc8 13. O-O O-O 14. Rfd1 Re8
15. Bf5 Be6 16. Bxe6 fxe6 17. e4 d4 18. Qb3 Qd6 19. Rac1 Bf8 20. Ne2 Nxe4 21.
Nexd4 Nxd4 22. Rxd4 Rxc1+ 23. Bxc1 Qc6 24. Bb2 Nd6 25. Ne5 Qb5 26. Rd2 Ne4 27.
Rd1 Qe2 28. Qf3 Qxf3 29. Nxf3 Be7 30. Re1 Bf6 31. Bxf6 Nxf6 32. Kf1 1/2-1/2

[Event "SCCA Championship 2007-8"]
[Site "?"]
[Date "2007.??.??"]
[Round "?"]
[White "May, Mark Alan"]
[Black "Goodwin, Brian J"]
[Result "1-0"]
[WhiteElo "2239"]
[BlackElo "2181"]
[PlyCount "55"]
[EventDate "2007.??.??"]

1. c4 e5 2. Nc3 Nc6 3. g3 g6 4. Bg2 Bg7 5. Rb1 a5 6. a3 d6 7. b4 axb4 8. axb4
Nf6 9. d3 h6 10. e3 O-O 11. Nge2 Ne7 12. e4 c6 13. O-O Nh5 14. Be3 f5 15. f4
exf4 16. gxf4 Be6 17. c5 Bxc3 18. cxd6 Bf6 19. dxe7 Bxe7 20. Nd4 Qd7 21. Nxf5
Bxf5 22. exf5 Qxf5 23. b5 Ra3 24. Be4 Qe6 25. bxc6 bxc6 26. f5 gxf5 27. Qxh5
fxe4 28. Bxh6 1-0

[Event "SCCA Championship 2007-8"]
[Site "?"]
[Date "2007.??.??"]
[Round "?"]
[White "Lloyd, Geoffrey"]
[Black "Goodwin, Brian J"]
[Result "1-0"]
[WhiteElo "2258"]
[BlackElo "2181"]
[PlyCount "57"]
[EventDate "2007.??.??"]

1. Nc3 d5 2. e4 Nf6 3. e5 d4 4. Nce2 Ng4 5. f4 f6 6. h3 Nh6 7. Nf3 c5 8. Ng3
Nc6 9. Bc4 fxe5 10. Nxe5 Nxe5 11. fxe5 Qc7 12. d3 Qxe5+ 13. Ne4 Nf5 14. O-O Ne3
15. Bxe3 dxe3 16. Qf3 e6 17. Qxe3 Be7 18. c3 Bd7 19. d4 cxd4 20. cxd4 Qc7 21.
Rac1 Qb6 22. Nc5 Bxc5 23. dxc5 Qc6 24. b4 Rf8 25. Rxf8+ Kxf8 26. Rd1 Re8 27.
Qd3 Re7 28. Qxh7 Rf7 29. Be2 1-0

[Event "SCCA Championship 2007-8"]
[Site "?"]
[Date "2007.??.??"]
[Round "?"]
[White "Brown, Alan C"]
[Black "Montgomery, Robert S"]
[Result "1/2-1/2"]
[WhiteElo "2370"]
[BlackElo "2229"]
[PlyCount "84"]
[EventDate "2007.??.??"]

1. e4 d5 2. exd5 Qxd5 3. Nc3 Qd6 4. d4 Nf6 5. Nf3 a6 6. Bd3 Bg4 7. O-O e6 8. h3
Bh5 9. Re1 Nbd7 10. g4 Bg6 11. d5 Bxd3 12. dxe6 fxe6 13. Qxd3 Qxd3 14. cxd3
O-O-O 15. Ng5 Re8 16. Bf4 Nc5 17. Re3 h6 18. Nf7 Rh7 19. Ne5 g5 20. Bg3 Ncd7
21. Nf3 Bb4 22. d4 Bxc3 23. bxc3 Nd5 24. Rd3 Rf7 25. Re1 b5 26. Kg2 Rff8 27.
Nd2 N7b6 28. Ne4 Na4 29. c4 bxc4 30. Ra3 Nb2 31. Rc1 Nf4+ 32. Bxf4 Rxf4 33. f3
Rd8 34. Rxa6 Rxd4 35. Nc5 Kb8 36. Rxe6 Rd2+ 37. Kg3 Rd5 38. Ne4 Rd3 39. Rb1
Rfxf3+ 40. Kg2 c3 41. Nxc3 Rg3+ 42. Kf1 Rdf3+ 1/2-1/2

[Event "SCCA Championship 2007-8"]
[Site "?"]
[Date "2007.??.??"]
[Round "?"]
[White "Beecham, C Richard"]
[Black "Lloyd, Geoffrey"]
[Result "1-0"]
[WhiteElo "2495"]
[BlackElo "2258"]
[PlyCount "120"]
[EventDate "2007.??.??"]

1. d4 b6 2. e4 e6 3. Bd3 Bb7 4. Nf3 c5 5. d5 exd5 6. exd5 Bxd5 7. Nc3 Be6 8.
Bf4 Nf6 9. Nb5 Nd5 10. Bg5 Nf6 11. Bxf6 gxf6 12. Qe2 Nc6 13. Rd1 Qc8 14. Nc3
Be7 15. Ba6 Qc7 16. Nd5 Bxd5 17. Rxd5 Nb4 18. Rh5 Nxa6 19. Qxa6 b5 20. O-O Rb8
21. Nh4 Rb6 22. Qa5 Bd6 23. Nf5 Be5 24. Qd2 Kd8 25. c3 Re6 26. Ng7 Rd6 27. Qc2
Ra6 28. Rxh7 Rxh7 29. Qxh7 Kc8 30. Ne8 Qd8 31. Qxf7 Re6 32. Ng7 Re7 33. Qg6 Qh8
34. Nh5 Qh7 35. Qxh7 Rxh7 36. g4 f5 37. h3 d5 38. Kg2 Kd7 39. f4 Bh8 40. Ng3
fxg4 41. hxg4 a5 42. g5 b4 43. Rf3 Rg7 44. a3 Rg8 45. Kh3 c4 46. Kg4 d4 47.
axb4 axb4 48. cxd4 Bxd4 49. b3 Rc8 50. Nf5 Ba1 51. Rf1 Bh8 52. Rd1+ Kc7 53. Nd6
Rd8 54. Nb5+ Kc8 55. Rxd8+ Kxd8 56. bxc4 b3 57. g6 b2 58. Na3 Bf6 59. Kh5 Ke7
60. Kh6 Ke6 1-0

[Event "SCCA Championship 2007-8"]
[Site "?"]
[Date "2007.??.??"]
[Round "?"]
[White "Lloyd, Geoffrey"]
[Black "May, Mark Alan"]
[Result "1/2-1/2"]
[WhiteElo "2258"]
[BlackElo "2239"]
[PlyCount "62"]
[EventDate "2007.??.??"]

1. Nc3 e6 2. e4 d5 3. Nf3 Nf6 4. e5 Nfd7 5. d4 c5 6. dxc5 Nc6 7. Bf4 Bxc5 8.
Bb5 a6 9. Bxc6 bxc6 10. O-O Be7 11. Re1 c5 12. h4 Bb7 13. Bg5 Bxg5 14. hxg5 Nf8
15. Rb1 Qe7 16. a3 h6 17. b4 hxg5 18. bxc5 g4 19. Nd4 Qh4 20. Kf1 Bc8 21. Nce2
Qe7 22. g3 Qxc5 23. Kg2 f6 24. f4 gxf3+ 25. Nxf3 f5 26. Ned4 Bd7 27. Qd3 g5 28.
Nxg5 Rg8 29. Nh3 Ng6 30. Qe3 Qf8 31. Rf1 Qc5 1/2-1/2

[Event "SCCA Championship 2007-8"]
[Site "?"]
[Date "2007.??.??"]
[Round "?"]
[White "Beecham, C Richard"]
[Black "Dawson, Alastair G"]
[Result "1-0"]
[WhiteElo "2495"]
[BlackElo "2230"]
[PlyCount "59"]
[EventDate "2007.??.??"]

1. e4 c5 2. Nf3 g6 3. c3 d5 4. exd5 Qxd5 5. d4 Bg7 6. dxc5 Qxd1+ 7. Kxd1 Nf6 8.
Be3 O-O 9. Bc4 Nc6 10. Ke2 Na5 11. Bd3 Nd5 12. Na3 Bg4 13. h3 Be6 14. Bd2 b6
15. c4 Nc7 16. Rab1 Bd7 17. b4 Nc6 18. b5 Ne5 19. Nxe5 Bxe5 20. f4 Bd4 21. c6
Be6 22. Nc2 Bc5 23. Be3 Bxe3 24. Nxe3 Rfd8 25. Rhd1 Rd4 26. a4 Rb8 27. f5 gxf5
28. Bxf5 Bxc4+ 29. Nxc4 Rxc4 30. Rd7 1-0

[Event "SCCA Championship 2007-8"]
[Site "?"]
[Date "2007.??.??"]
[Round "?"]
[White "Reeman, Ian F"]
[Black "May, Mark Alan"]
[Result "1/2-1/2"]
[WhiteElo "2271"]
[BlackElo "2239"]
[PlyCount "73"]
[EventDate "2007.??.??"]

1. e4 e6 2. d4 d5 3. Nc3 Nf6 4. e5 Nfd7 5. f4 c5 6. Nf3 Nc6 7. Be3 Qb6 8. Be2
cxd4 9. Nxd4 Bc5 10. Na4 Qa5+ 11. c3 Bxd4 12. Bxd4 Nxd4 13. b4 Nf3+ 14. Bxf3
Qc7 15. Qd4 O-O 16. O-O b5 17. Nb2 Bb7 18. Be2 a6 19. a4 bxa4 20. Nxa4 f6 21.
Bg4 Rae8 22. Rfe1 Re7 23. Rac1 fxe5 24. fxe5 Rc8 25. c4 Qc6 26. cxd5 Qxc1 27.
Rxc1 Rxc1+ 28. Kf2 Bxd5 29. Nc3 Bb3 30. Bf3 Nf8 31. Ne4 Bd5 32. Nd6 Bxf3 33.
gxf3 Rec7 34. Qb6 R7c6 35. Qd4 Rc7 36. Qb6 R7c6 37. Qd4 1/2-1/2

[Event "SCCA Championship 2007-8"]
[Site "?"]
[Date "2007.??.??"]
[Round "?"]
[White "Montgomery, Robert S"]
[Black "Lloyd, Geoffrey"]
[Result "1/2-1/2"]
[WhiteElo "2229"]
[BlackElo "2258"]
[PlyCount "79"]
[EventDate "2007.??.??"]

1. Nf3 b6 2. e4 Bb7 3. Nc3 e6 4. d4 Bb4 5. Bd3 Nf6 6. Bg5 h6 7. Bxf6 Bxc3+ 8.
bxc3 Qxf6 9. O-O d6 10. Nd2 e5 11. f4 exf4 12. g3 g5 13. gxf4 Nd7 14. Qg4 Qg7
15. Rf2 O-O-O 16. a4 Rdg8 17. Kh1 Qh7 18. Qe2 Kb8 19. Ba6 Ba8 20. f5 Nf6 21. d5
Re8 22. Qd3 Re5 23. c4 Rd8 24. Re2 Qh8 25. Qa3 Re7 26. a5 Ng4 27. Bb5 Qf6 28.
c3 Ne5 29. Nb3 h5 30. Nd4 g4 31. Rb2 Qh4 32. Rg2 Qg5 33. Rf1 Qf6 34. Rd1 Rg8
35. Qa4 h4 36. Bc6 Nxc6 37. Nxc6+ Bxc6 38. Qxc6 Rd8 39. a6 Kc8 40. Qb7+ 1/2-1/2

[Event "SCCA Championship 2007-8"]
[Site "?"]
[Date "2007.??.??"]
[Round "?"]
[White "Mackintosh, Iain"]
[Black "Brown, Alan C"]
[Result "1/2-1/2"]
[WhiteElo "2450"]
[BlackElo "2370"]
[PlyCount "101"]
[EventDate "2007.??.??"]

1. e4 c6 2. c4 d5 3. cxd5 cxd5 4. exd5 Nf6 5. Qa4+ Nbd7 6. Nc3 g6 7. Bc4 Bg7 8.
d3 O-O 9. Nf3 a6 10. Qa3 Nb6 11. Qb3 Bg4 12. Be3 Nc8 13. a4 Bxf3 14. gxf3 Nd6
15. Ke2 Qd7 16. h4 Nh5 17. a5 Nf5 18. Ne4 Nd4+ 19. Bxd4 Bxd4 20. Ra4 Nf4+ 21.
Kd1 Rac8 22. Rb4 Rc7 23. d6 exd6 24. Bxf7+ Rxf7 25. Rxd4 d5 26. Re1 Rf5 27. Nc3
Qf7 28. Qb6 Rd7 29. Kc2 Rh5 30. Na4 Ng2 31. Re6 Nxh4 32. Rf6 Qe7 33. Rdf4 Nf5
34. Kb3 Rd6 35. Rxd6 Nxd6 36. Nc3 Re5 37. Rb4 Rf5 38. Qc5 Qd7 39. f4 Nc8 40.
Ne2 Rf6 41. Qe3 Re6 42. Qf3 Ne7 43. Nd4 Rf6 44. Qe3 Rf7 45. Qe5 Nf5 46. Rb6 Re7
47. Qf6 Nxd4+ 48. Qxd4 Re6 49. Rb4 Re7 50. Rb6 Re6 51. Rb4 1/2-1/2

[Event "SCCA Championship 2007-8"]
[Site "?"]
[Date "2007.??.??"]
[Round "?"]
[White "May, Mark Alan"]
[Black "Brown, Alan C"]
[Result "1-0"]
[WhiteElo "2239"]
[BlackElo "2370"]
[PlyCount "63"]
[EventDate "2007.??.??"]

1. c4 c5 2. Nc3 Nf6 3. g3 d5 4. cxd5 Nxd5 5. Bg2 Nc7 6. Qb3 Nc6 7. Bxc6+ bxc6
8. Qa4 Ne6 9. d3 Rb8 10. Qxa7 Rb7 11. Qa4 Nd4 12. h4 Qb6 13. Nf3 Ra7 14. Qd1
Nxf3+ 15. exf3 Rd7 16. Qc2 Qa6 17. h5 Qxd3 18. Qxd3 Rxd3 19. Be3 e5 20. h6 g6
21. Rh4 f5 22. Ra4 Kf7 23. Ra7+ Rd7 24. Ra8 Be7 25. Na4 Rb7 26. b3 Re8 27. Nxc5
Bxc5 28. Bxc5 g5 29. O-O-O Rd7 30. Rxd7+ Bxd7 31. Ra7 Ke6 32. a4 1-0

[Event "SCCA Championship 2007-8"]
[Site "?"]
[Date "2007.??.??"]
[Round "?"]
[White "Goodwin, Brian J"]
[Black "Dawson, Alastair G"]
[Result "0-1"]
[WhiteElo "2181"]
[BlackElo "2230"]
[PlyCount "55"]
[EventDate "2007.??.??"]

1. e4 c5 2. Nf3 g6 3. d4 cxd4 4. Nxd4 Nc6 5. Nc3 Bg7 6. Be3 Nf6 7. Nxc6 bxc6 8.
e5 Ng8 9. Bd4 f6 10. exf6 Nxf6 11. Bc4 d5 12. Bb3 Qd6 13. Qe2 O-O 14. Rd1 a5
15. Qe5 Ba6 16. f3 Rae8 17. Qe3 Rf7 18. Bc5 Qd7 19. h3 Nh5 20. Rg1 Qc7 21. Bb6
Qg3+ 22. Qf2 Qb8 23. Rb1 e5 24. Nxd5 a4 25. Bxa4 cxd5 26. Bxe8 Qxe8 27. Kd1 d4
28. Bc5 0-1

[Event "SCCA Championship 2007-8"]
[Site "?"]
[Date "2007.??.??"]
[Round "?"]
[White "Dawson, Alastair G"]
[Black "Reeman, Ian F"]
[Result "0-1"]
[WhiteElo "2230"]
[BlackElo "2271"]
[PlyCount "96"]
[EventDate "2007.??.??"]

1. e4 c5 2. Nc3 Nc6 3. f4 e6 4. Nf3 d5 5. Bb5 Nf6 6. Bxc6+ bxc6 7. e5 Ng4 8. d3
Be7 9. O-O O-O 10. Ne2 c4 11. d4 Nh6 12. h3 Rb8 13. c3 f6 14. Qc2 a5 15. g4 Nf7
16. Be3 Bd7 17. b3 fxe5 18. fxe5 c5 19. dxc5 Qc7 20. Bd4 Nh8 21. h4 Ng6 22. h5
cxb3 23. axb3 Nf4 24. h6 Bb5 25. Nxf4 Rxf4 26. Rf2 Rbf8 27. hxg7 R8f7 28. Kg2
Bxc5 29. Qd2 Rxg4+ 30. Kh1 Rg3 31. Ng5 Rxf2 32. Bxf2 Rg4 33. Rg1 Rxg1+ 34. Kxg1
Bxf2+ 35. Qxf2 Qxg7 36. Qg2 Bc6 37. Qg4 Bd7 38. Qg2 h6 39. Nf3 Kf7 40. Kh2
Qxg2+ 41. Kxg2 Kg6 42. Nd4 Kg5 43. Kf3 h5 44. Kg3 h4+ 45. Kf3 h3 46. Kg3 h2 47.
Nf3+ Kf5 48. Nxh2 Ke4 0-1

[Event "SCCA Championship 2007-8"]
[Site "?"]
[Date "2007.??.??"]
[Round "2"]
[White "Dawson, Alastair G"]
[Black "Mackintosh, Iain"]
[Result "0-1"]
[WhiteElo "2230"]
[BlackElo "2450"]
[PlyCount "98"]
[EventDate "2007.??.??"]

1. e4 c5 2. Nc3 a6 3. g3 b5 4. Bg2 Nc6 5. f4 e6 6. Nf3 Be7 7. O-O Bb7 8. d3 h5
9. Be3 Nf6 10. e5 Ng4 11. Bc1 d5 12. exd6 Qxd6 13. a4 b4 14. Ne4 Qc7 15. c3 Rd8
16. Qe2 O-O 17. h3 Nf6 18. Be3 bxc3 19. bxc3 c4 20. Nxf6+ Bxf6 21. dxc4 Na5 22.
c5 Nb3 23. Rab1 Nxc5 24. Qc4 Be7 25. Rxb7 Qxb7 26. Ne5 Qb3 27. Qxb3 Nxb3 28.
Nc6 Bc5 29. Bxc5 Nxc5 30. Nxd8 Rxd8 31. a5 g6 32. g4 hxg4 33. hxg4 Kg7 34. Bh1
Kf6 35. Kg2 Rd2+ 36. Rf2 Rd7 37. Re2 Rd1 38. g5+ Kg7 39. Kh2 Ra1 40. Bg2 Rxa5
41. Re5 Kf8 42. Kg3 Ke7 43. Bc6 Nb3 44. Kf2 Kd6 45. Rxa5 Nxa5 46. Ba4 Nc4 47.
Kf3 Nb6 48. Be8 Ke7 49. Bc6 a5 0-1

[Event "SCCA Championship 2007-8"]
[Site "?"]
[Date "2007.??.??"]
[Round "?"]
[White "Lloyd, Geoffrey"]
[Black "Dawson, Alastair G"]
[Result "0-1"]
[WhiteElo "2258"]
[BlackElo "2230"]
[PlyCount "104"]
[EventDate "2007.??.??"]

1. Nc3 c5 2. Nf3 d5 3. e4 d4 4. Ne2 Nc6 5. Ng3 h5 6. h4 Bg4 7. Be2 e6 8. d3 Bd6
9. Ng5 Bxg3 10. fxg3 Qd6 11. Bf4 e5 12. Bd2 Nh6 13. O-O f6 14. Nf3 O-O-O 15. a4
g6 16. a5 Kb8 17. a6 b6 18. Nh2 Bc8 19. Qe1 Ng4 20. Nxg4 hxg4 21. Qd1 f5 22.
Bg5 Rdf8 23. Qd2 Nd8 24. Qc1 Ne6 25. Bh6 Rf7 26. Bd2 Rhh7 27. b4 cxb4 28. Qb2
Nc5 29. Bxb4 f4 30. Qc1 g5 31. Qa3 Rc7 32. Qc1 Qg6 33. Qe1 f3 34. Bd1 Rh8 35.
Bxc5 Rxc5 36. Rb1 gxh4 37. gxh4 Qf6 38. g3 Bxa6 39. Rf2 Rc3 40. Qd2 Rh5 41. Rb3
Qc6 42. Rxc3 dxc3 43. Qe3 Bc8 44. Bxf3 gxf3 45. Qxf3 Qg6 46. Kh2 Rh7 47. Qf8
Rg7 48. Rf3 Kb7 49. Kh1 Be6 50. Kg1 Rd7 51. Kg2 Qg4 52. Kf2 Qh3 0-1

[Event "SCCA Championship 2007-8"]
[Site "?"]
[Date "2007.??.??"]
[Round "?"]
[White "Goodwin, Brian J"]
[Black "Brown, Alan C"]
[Result "0-1"]
[WhiteElo "2181"]
[BlackElo "2370"]
[PlyCount "68"]
[EventDate "2007.??.??"]

1. e4 c6 2. d4 d5 3. exd5 cxd5 4. c4 Nf6 5. c5 e5 6. Nc3 exd4 7. Qxd4 a6 8. Bg5
Nc6 9. Bxf6 gxf6 10. Qxd5 Be6 11. Qxd8+ Rxd8 12. Be2 Bxc5 13. Nf3 Rg8 14. Kf1
Nd4 15. Nxd4 Bxd4 16. a4 Rg5 17. Bf3 Re5 18. g3 b5 19. axb5 axb5 20. Kg2 b4 21.
Na4 Bb3 22. Rhe1 Ba7 23. Rxe5+ fxe5 24. Rc1 Bxa4 25. Ra1 Rd2 26. Rxa4 Rxf2+ 27.
Kh3 Rxf3 28. Rxa7 Rb3 29. Ra2 Ke7 30. Kg4 Kd6 31. Ra6+ Kd5 32. Rf6 Rxb2 33. h4
Rc2 34. Rxf7 b3 0-1

[Event "SCCA Championship 2007-8"]
[Site "?"]
[Date "2007.??.??"]
[Round "?"]
[White "Montgomery, Robert S"]
[Black "Beecham, C Richard"]
[Result "0-1"]
[WhiteElo "2229"]
[BlackElo "2495"]
[PlyCount "88"]
[EventDate "2007.??.??"]

1. Nf3 d5 2. d4 Nf6 3. c4 c6 4. Nc3 e6 5. Bg5 h6 6. Bh4 dxc4 7. e4 g5 8. Bg3 b5
9. Be2 Bb7 10. Qc2 Nh5 11. Rd1 Na6 12. b3 cxb3 13. Qxb3 Nxg3 14. hxg3 Qa5 15.
Kf1 Bb4 16. Nb1 O-O-O 17. Ne5 Qc7 18. a4 Bd6 19. axb5 cxb5 20. Ng4 Nb4 21. Qb2
Kb8 22. e5 Bf8 23. Ne3 Qb6 24. Na3 a6 25. g4 Nd5 26. Nac2 Nf4 27. Re1 Rc8 28.
Kg1 Qc6 29. Bf1 Qc3 30. Qa2 h5 31. gxh5 Rxh5 32. Rxh5 Nxh5 33. Rb1 Nf4 34. Rb3
Qc6 35. Bd3 Nxd3 36. Rxd3 Qe4 37. Qb3 g4 38. Rc3 Rxc3 39. Qxc3 Be7 40. Qb3 g3
41. f3 Qc6 42. Nf1 a5 43. Nxg3 a4 44. Qb2 Qc4 0-1

[Event "SCCA Championship 2007-8"]
[Site "?"]
[Date "2007.??.??"]
[Round "?"]
[White "Reeman, Ian F"]
[Black "Goodwin, Brian J"]
[Result "1-0"]
[WhiteElo "2271"]
[BlackElo "2181"]
[PlyCount "85"]
[EventDate "2007.??.??"]

1. e4 e5 2. f4 exf4 3. Bc4 Nf6 4. Nc3 c6 5. d4 d5 6. exd5 cxd5 7. Bb3 Bd6 8.
Nge2 O-O 9. O-O g5 10. Nxd5 Nc6 11. c3 Bg4 12. Qd3 Nxd5 13. Bxd5 Qd7 14. Bd2
Bc7 15. Be4 f5 16. Qc4+ Kh8 17. Bd3 Rfe8 18. Rae1 Rad8 19. Nc1 Bb6 20. Qb5 Rxe1
21. Bxe1 Qd5 22. Qxd5 Rxd5 23. h3 Bh5 24. g3 f3 25. Nb3 Kg7 26. c4 Rd8 27. c5
Bc7 28. Bxf5 Nxd4 29. Nxd4 Rxd4 30. Bc3 Be5 31. Re1 Bf6 32. Bxd4 Bxd4+ 33. Kf1
Bxc5 34. Bg4 Bxg4 35. hxg4 Kf6 36. Rd1 Ke5 37. Rd7 b5 38. Rxh7 Ke6 39. Rg7 Be3
40. Rg8 Kd5 41. Rf8 Ke4 42. Rb8 Bb6 43. Re8+ 1-0

[Event "SCCA Championship 2007-8"]
[Site "?"]
[Date "2007.??.??"]
[Round "?"]
[White "Goodwin, Brian J"]
[Black "Mackintosh, Iain"]
[Result "0-1"]
[WhiteElo "2181"]
[BlackElo "2450"]
[PlyCount "100"]
[EventDate "2007.??.??"]

1. e4 c5 2. Nf3 Nc6 3. d4 cxd4 4. Nxd4 e6 5. Nc3 Nf6 6. Nxc6 bxc6 7. e5 Nd5 8.
Ne4 Qc7 9. f4 Qa5+ 10. c3 Be7 11. Bd3 O-O 12. O-O Qb6+ 13. Kh1 Ba6 14. f5 exf5
15. Rxf5 f6 16. Bxa6 Qxa6 17. Qg4 Kh8 18. exf6 Bxf6 19. Bg5 Bxg5 20. Nxg5 Nf6
21. Qh4 h6 22. Nf3 Rae8 23. Ne5 Kg8 24. Qd4 Qe2 25. Raf1 Nh7 26. Rxf8+ Nxf8 27.
Qc4+ Qxc4 28. Nxc4 Re4 29. Nd6 Re2 30. b4 Rxa2 31. Kg1 a5 32. bxa5 Rxa5 33. c4
Ra3 34. h4 Ng6 35. Rf7 Nxh4 36. Rxd7 Rd3 37. Rd8+ Kh7 38. Nf7 Rg3 39. Kh2 Rxg2+
40. Kh3 Rf2 41. Ne5 Nf3 42. Kg3 Rd2 43. Nd7 Ng5 44. Nf8+ Kg8 45. Nd7+ Kf7 46.
Ne5+ Ke6 47. Nxc6 Rxd8 48. Nxd8+ Kd7 49. Nb7 Ne4+ 50. Kf4 Kc7 0-1

[Event "SCCA Championship 2007-8"]
[Site "?"]
[Date "2007.??.??"]
[Round "?"]
[White "Mackintosh, Iain"]
[Black "Beecham, C Richard"]
[Result "1/2-1/2"]
[WhiteElo "2450"]
[BlackElo "2495"]
[PlyCount "98"]
[EventDate "2007.??.??"]

1. e4 e6 2. d4 d5 3. Nd2 Nf6 4. e5 Nfd7 5. Bd3 c5 6. c3 Nc6 7. Ne2 cxd4 8. cxd4
f6 9. exf6 Nxf6 10. O-O Bd6 11. Nf3 Qc7 12. h3 O-O 13. Nc3 a6 14. Be3 Bd7 15.
Rc1 Rae8 16. Re1 Qb8 17. Na4 e5 18. dxe5 Nxe5 19. Nxe5 Bxe5 20. Nc5 Bc8 21. Qd2
Qd6 22. Nb3 Qd8 23. Bc5 Bd6 24. a3 Rxe1+ 25. Rxe1 Bxc5 26. Nxc5 Qd6 27. Qe3 Nh5
28. g3 Nf6 29. Bf1 Qc6 30. Rc1 Qb6 31. Bg2 Re8 32. Qd4 Kh8 33. g4 h6 34. f4 Be6
35. Qb4 Qxb4 36. axb4 Bg8 37. Nxb7 Rb8 38. Rc7 d4 39. f5 Bd5 40. Bxd5 Nxd5 41.
Rd7 Nxb4 42. Nc5 Nc6 43. b3 h5 44. Kg2 hxg4 45. hxg4 Kg8 46. Kg3 Rd8 47. Rxd8+
Nxd8 48. Kf4 Kf7 49. Nxa6 d3 1/2-1/2